00431nam a2200169Ia 4500003000400000005001700004008004100021020001800062040000700080041000800087082002200095100002000117245005200137260003700189300001400226650002100240OSt20230403111723.0210423s1997 xx 000 0 und d a0-06-017328-9 cAL aeng a813.54 223bWELD aWELLS (Rebecca) aDivine secrets of the ya ya sisterhood: a novel aNew YorkbHarper Perennialc1997 ax,356bPB aAmerican Fiction